000 00578nam a2200229 a 4500
999 _c11787
_d11787
001 11787
003 BD-JhCC
005 20201015082104.0
008 201014r2017 ii a|||| ||a| 001 0 eng d
020 _a9789384625924
035 _a(BD-JhCC)11787
040 _aBD-JhCC
_dBD-JhCC
041 _aeng
082 _a609
_bINV 2017
245 _a365 Inventions That Changed The World /
260 _aIndia :
_bOm Books International;
_c2017.
300 _a223 p. :
_billus.;
_c36 cm.
490 _a365
650 _aInventions
_zInventors
942 _2ddc
_cBK